Compartimiento productivo de cuatro líneas comerciales de pollos de engorda en los valles centrales de Oaxaca / (Record no. 105678)
[ view plain ]
| 000 -CABECERA | |
|---|---|
| campo de control de longitud fija | 00714nam a2200193 a 4500 |
| 005 - FECHA Y HORA DE LA ÚLTIMA TRANSACCIÓN | |
| campo de control | 20210223125358.0 |
| 008 - ELEMENTOS DE LONGITUD FIJA--INFORMACIÓN GENERAL | |
| campo de control de longitud fija | 040521s1987 mx r 000 0 spa d |
| 035 ## - NÚMERO DE CONTROL DEL SISTEMA | |
| Número de control de sistema | UPN01000133527 |
| 049 ## - COLECCIÓN | |
| Colección | CG |
| 050 #4 - SIGNATURA TOPOGRÁFICA DE LA BIBLIOTECA DEL CONGRESO | |
| Número de clasificación | SF482 |
| Número de documento/Ítem | M4.2 |
| 100 1# - ASIENTO PRINCIPAL--NOMBRE PERSONAL | |
| Nombre de persona | Medrano Lizama, Gonzalo |
| 245 10 - MENCIÓN DE TÍTULO | |
| Título | Compartimiento productivo de cuatro líneas comerciales de pollos de engorda en los valles centrales de Oaxaca / |
| Mención de responsabilidad, etc. | Gonzalo Madrano Lizama, |
| 260 ## - PUBLICACIÓN, DISTRIBUCIÓN, ETC. | |
| Lugar de publicación, distribución, etc. | Oaxaca : |
| Nombre del editor, distribuidor, etc. | G. Medrano Lizama. |
| Fecha de publicación, distribución, etc. | 1987. |
| 300 ## - DESCRIPCIÓN FÍSICA | |
| Extensión | 75 h. |
| 502 ## - NOTA DE TESIS | |
| Nota de tesis | [Tesis] (Maestría en Ciencias) -- Instituto Tecnológico Agropecuario de Oaxaca, 1987 |
| 650 #4 - ASIENTO SECUNDARIO DE MATERIA - TERMINO TEMATICO | |
| Término de materia o nombre geográfico como elemento de entrada | AVICULTURA - |
| Subdivisión general | ALIMENTACION Y ALIMENTOS |
| 9 (RLIN) | 4190 |
| 650 #4 - ASIENTO SECUNDARIO DE MATERIA - TERMINO TEMATICO | |
| Término de materia o nombre geográfico como elemento de entrada | AVICULTURA - |
| Subdivisión geográfica | OAXACA |
| 9 (RLIN) | 4201 |
| 905 ## - TIPO DE MATERIAL | |
| Tipo de material | Tesis |
No items available.
